000 00960nam a2200349 a 4500
003 AR-BaBNM
005 20251128205508.0
008 082120s2002 ||||||||||||||000 | spa||
020 _a84-85729-65-X
040 _cAR-BaBNM
100 1 _aLaguía, María José
245 0 0 _aRincones de actividad en la escuela infantil
_b0-6 años
250 _a3ª ed.
260 _aBarcelona
_bGraó
_c1994
300 _a95 p.
_bil.
490 0 _aEl lápiz
504 _aBibliografía: p. 95
650 4 _aCENTROS DE INTERES
650 4 _aMATERIAL DIDACTICO
650 4 _aJUEGOS EDUCATIVOS
650 4 _aEDUCACION ARTISTICA
650 4 _aROL DEL DOCENTE
650 4 _aNIÑOS DE EDAD PREESCOLAR
653 _aEDUCACION INICIAL
653 _aJARDINES DE INFANTES
653 _aEDUCACION INICIAL
653 _aPROCESO DE ENSEÑANZA-APRENDIZAJE
653 _aNIÑOS DE JARDIN DE INFANTES
700 1 _aVidal, Cinta
942 _cBK
998 _csilvi
999 _c11629
_d11629